000 01220nam a22003495a 4500
001 13409552
003 OSt
005 20140310182901.0
008 030714s2003 ph a b 001 0 eng
010 _a 2003410700
020 _a9715504353
035 _a(DLC) 2003410700
037 _bLibrary of Congress -- Jakarta Overseas Office
_cP265.00
040 _aDLC
_cDLC
042 _alcode
050 _aJC 330
_b.L711 2003
082 _aFIL 720.09599
_b.L711 2003
100 1 _aLico, Gerard.
245 1 0 _aEdifice complex
_bpower, myth, and Marcos state architecture
_cLico, Gerard
246 3 0 _aPower, myth, and Marcos state architecture
260 _aQuezon City
_bAteneo de Manila University Press
_cc2003
300 _axvi, 179 p.
_bill.
_c23 cm.
500 _aRevision of the author's thesis (M.A.)--University of the Philippines.
504 _aIncludes bibliographical references (p. 162-173) and index.
521 _aCollege Student
526 _c1210L-1700L
541 _j1
562 _eFor circulation. 1 copy available in the collection.
906 _a7
_bibc
_corigode
_d3
_encip
_f20
_gy-gencatlg
942 _2lcc
_cBK
_kFIL
999 _c17094
_d17094